00796nam a2200241 a 4500001001000000003000500010005001700015008004100032010001100073011001100084020001800095040000900113082002400122100003600146245012100182260003800303300002000341650004400361650003400405650004400439650003400483700003700517000112426CHAP20220329144305.0160316s2015 mx a |r| ||||||spa d a108887 a109859 a9786071203960 cCHAP00a584.9044097252bM5300aMendoza Pedroza, Sergio Ibán.10aGramíneas y leguminosas del Estado de México /cpor Sergio Iban Mendoza Pedroza y Berta Rodríguez Castañeda. aChapingo, Méx. :bUACH.,c2015. a429 P. :bilus.14aGramíneasxAnatomía y fisiología.14aGramíneasxClasificación.14aLeguminosasxAnatomía y fisiología.14aLeguminosasxClasificación.0 aRodríguez Castañeda, Bertha.